000 00754nam a2200193 a 4500
005 20140412111312.0
008 010326s19uu xx 00 eng d
020 _a0-7835-1305-4
050 _aREF 170
_bC54Gr v.6
245 _aThe Grumpy dragon :
_ba book about making friends.
260 _aAsia :
_bTime Life Asia,
_c1997.
300 _a29 p. ; ill.
440 _aA Child's First Library of Values
500 _aw/ casette tape
520 _aDeep in the forest lives a dragon with such a bad temper that he scares all his visitors away. But one day, two children find his house and help him to stop being grumpy. The dragon starts to have fun and make new friends
650 _aValues
650 _aDragons stories - Fiction
999 _c104022
_d104022